000 00431nam a2200145Ia 4500
008 090124s9999 xx 000 0 und d
082 _b32382
245 _a सत्यकथा 1972
250 _a0
260 _bभागवत विष्णू पुरुषोत्तम
630 _a सत्यकथा 1972
700 _aपटवर्धन राम
730 _a सत्यकथा 1972
942 _cBOOK
999 _c98457
_d98457